00621cam a22001451 4500082002000000100001900020245018200039260003400221300005200255500004900307526003700356650000800393650004300401700003100444 a993.152bTAYcD1 aTaylor, Frank,14aThe wars of Marlborough, 1702-1709,cby Frank Taylor ... ed. by G. Winifred Taylor ... with an introduction by the Hon. J.W. Fortescue ... Maps comp. and drawn by H.W. Cribb ... aOxford,bB. Blackwell,c1921. a2 v.b10 fold. maps (incl. fronts.)c22 1/2 cm. a"Memoir of Frank Taylor" : v. 2, p. 505-513. a0b0c0d993_152000000000000_TAY 0aMCE 0aSpanish Succession, War of, 1701-1714.1 aTaylor, Gertrude Winifred,